Meranie a hodnotenie výkonnosti konkrétneho podniku diplomová práca

Guardado en:
Detalles Bibliográficos
Autor principal: Halasová, Juliana
Autor Corporativo: Podnikovohospodárska fakulta EU so sídlom v Košiciach. Katedra finančného riadenia podniku
Otros Autores: Kudlová, Zuzana, 1986-
Formato: Libro
Lenguaje:eslovaco
Publicado: Košice 2019
Etiquetas: Agregar Etiqueta
Sin Etiquetas, Sea el primero en etiquetar este registro!

MARC

LEADER 00000nbm a2200000 4500
001 0254741
005 20190918145814.5
041 0 |a slo 
044 |a SK 
245 1 0 |a Meranie a hodnotenie výkonnosti konkrétneho podniku  |b diplomová práca  |c Juliana Halasová ; školiteľ: Zuzana Kudlová 
264 1 |a Košice  |c 2019 
300 |a 79 s. 
100 1 |a Halasová, Juliana 
700 1 |a Kudlová, Zuzana, 1986- 
710 2 |a Podnikovohospodárska fakulta EU so sídlom v Košiciach. Katedra finančného riadenia podniku